Statistics for Ghost Type Pokemon

Click here to take the quiz!

General Stats

  • This quiz has been taken 30 times
  • The average score is 44 of 54

Answer Stats

HintAnswer% Correct
KantoGastly
100%
KantoGengar
100%
SinnohGiratina
100%
KantoHaunter
100%
KalosAegislash
91%
UnovaChandelure
91%
UnovaCofagrigus
91%
KalosDoublade
91%
SinnohDrifblim
91%
HoennDusclops
91%
SinnohDusknoir
91%
HoennDuskull
91%
KalosGourgeist
91%
KalosHoopa (Confined)
91%
UnovaJellicent
91%
AlolaLunala
91%
JohtoMisdreavus
91%
SinnohMismagius
91%
AlolaNecrozma (Dawn Wings)
91%
HoennSableye
91%
KalosTrevenant
91%
UnovaYamask
91%
HoennBanette
82%
GalarCorsola (Galarian)
82%
GalarCursola
82%
AlolaDhelmise
82%
GalarDragapult
82%
SinnohFroslass
82%
UnovaGolurk
82%
KalosHonedge
82%
UnovaLitwick
82%
AlolaMarshadow
82%
AlolaMimikyu
82%
GalarPolteageist
82%
SinnohRotom
82%
HoennShuppet
82%
AlolaBlacephalon
73%
AlolaDecidueye
73%
GalarDreepy
73%
SinnohDrifloon
73%
UnovaFrillish
73%
UnovaLampent
73%
AlolaOricorio (Sensu)
73%
AlolaPalossand
73%
KalosPhantump
73%
KalosPumpkaboo
73%
HoennShedinja
73%
GalarSinistea
73%
SinnohSpiritomb
73%
GalarDrakloak
64%
UnovaGolett
64%
AlolaMarowak (Alolan)
64%
GalarRunerigus
64%
AlolaSandygast
64%

Score Distribution

Percentile by Number Answered

Percent of People with Each Score

Your Score History

You have not taken this quiz